Stati per tasso di mortalità - Statistics

Statistiche generali
  • Questo quiz è stato fatto 7 volte
  • Il punteggio medio è 12 su 15
Statistiche sulle risposte
Tasso di mortalità (morti/ 1000 abitanti) Continente Nazione % Corretto
12,81 Europa Bielorussia
100%
14,31 Europa Bulgaria
100%
12,51 Europa Moldavia
100%
13,27 Asia / Europa Russia
100%
12,98 Europa Croazia
83%
13,13 Europa Estonia
83%
11,97 Europa Germania
83%
12,02 Europa Grecia
83%
14,69 Europa Lettonia
83%
15,14 Europa Lituania
83%
14,92 Europa Romania
83%
13,70 Europa Ucraina
83%
12,89 Europa Ungheria
67%
15,12 Europa Serbia
50%
12,08 Asia Afghanistan
33%
Nessun quiz corrispondente trovato
Distribuzione punteggi
Percentuale di utenti per punteggio
Percentile per numero di risposta
I tuoi punteggi nel tempo
Non hai fatto questo quiz